000 01810nam0a2200421 4500
001 RU\NLR\bibl\924082
005 20250614191001.0
010 _a5-98314-140-6
_9100
021 _aRU
_b2006-790
_933
035 _a(nilc)EL/0000051983
035 _a65.052-044794
035 _a(NLR Aleph) 000912349
090 _a47657
_c47657
100 _a20060228d2005 |||y0rusy50 ca
101 0 _arus
102 _aRU
105 _aa |||||||||
200 1 _aСовершенствование учетно-аналитического обеспечения мониторинга расчетов с дебиторами по товарным операциям
_fО.Г. Танашева, А.В. Урванцева
_gФедер. агентство по образованию, Гос. образоват. учреждение высш. проф. образования "Челяб. гос. ун-т"
210 _aЧелябинск
_cОбразование
_d2005
215 _a57 с.
_cил.
_d21
320 _aБиблиогр.: с. 45-49
606 1 _aТоварные операции
_xБухгалтерский учет
_92095951
_3RU\NLR\auth\661268148
610 1 _aдебиторская задолженность
610 1 _aрасчеты с дебиторами
610 1 _aтоварные операции
610 1 _aучетная информация
686 _a65.052.9(2)2
_vLBC/RL
_2rubbk
686 _a06.35.31
_2rugasnti
686 _aУ052.9(2)242.1
700 1 _aТанашева
_bО. Г.
_4070
701 1 _aУрванцева
_bА. В.
_4070
801 0 _aRU
_bЧелябинская ОУНБ
_c20060228
801 1 _aRU
_bЧелябинская ОУНБ
_c20060228
801 2 _aRU
_bNLR
_c20060331
_grcr
942 _cBOOK
980 _aNB
980 _aNBR